<?xml version="1.0" encoding="UTF-8"?>
<marc:record xmlns:marc="http://www.loc.gov/MARC21/slim" type="Bibliographic">
   <marc:leader>00000pam a2200000 c 4500</marc:leader>
   <marc:controlfield tag="001">1027966942</marc:controlfield>
   <marc:controlfield tag="003">DE-101</marc:controlfield>
   <marc:controlfield tag="005">20180620003117.0</marc:controlfield>
   <marc:controlfield tag="007">tu</marc:controlfield>
   <marc:controlfield tag="008">121119s2013    gw ||||| |||| 10||||ger  </marc:controlfield>
   <marc:datafield ind1=" " ind2=" " tag="015">
      <marc:subfield code="a">13,A26</marc:subfield>
      <marc:subfield code="z">12,N48</marc:subfield>
      <marc:subfield code="2">dnb</marc:subfield>
   </marc:datafield>
   <marc:datafield ind1="7" ind2=" " tag="016">
      <marc:subfield code="2">DE-101</marc:subfield>
      <marc:subfield code="a">1027966942</marc:subfield>
   </marc:datafield>
   <marc:datafield ind1=" " ind2=" " tag="020">
      <marc:subfield code="a">9783866787964</marc:subfield>
      <marc:subfield code="c">Pp. : ca. EUR 50.00 (DE), ca. EUR 51.40 (AT), ca. sfr 63.00 (freier Pr.)</marc:subfield>
      <marc:subfield code="9">978-3-86678-796-4</marc:subfield>
   </marc:datafield>
   <marc:datafield ind1="3" ind2=" " tag="024">
      <marc:subfield code="a">9783866787964</marc:subfield>
   </marc:datafield>
   <marc:datafield ind1=" " ind2=" " tag="035">
      <marc:subfield code="a">(DE-599)DNB1027966942</marc:subfield>
   </marc:datafield>
   <marc:datafield ind1=" " ind2=" " tag="035">
      <marc:subfield code="a">(OCoLC)851071193</marc:subfield>
   </marc:datafield>
   <marc:datafield ind1=" " ind2=" " tag="040">
      <marc:subfield code="a">1145</marc:subfield>
      <marc:subfield code="b">ger</marc:subfield>
      <marc:subfield code="c">DE-101</marc:subfield>
      <marc:subfield code="d">9999</marc:subfield>
   </marc:datafield>
   <marc:datafield ind1=" " ind2=" " tag="041">
      <marc:subfield code="a">ger</marc:subfield>
   </marc:datafield>
   <marc:datafield ind1=" " ind2=" " tag="044">
      <marc:subfield code="c">XA-DE-NW</marc:subfield>
   </marc:datafield>
   <marc:datafield ind1="0" ind2="4" tag="082">
      <marc:subfield code="8">1\u</marc:subfield>
      <marc:subfield code="a">759.13</marc:subfield>
      <marc:subfield code="q">DE-101</marc:subfield>
      <marc:subfield code="2">22/ger</marc:subfield>
   </marc:datafield>
   <marc:datafield ind1="7" ind2=" " tag="083">
      <marc:subfield code="a">750</marc:subfield>
      <marc:subfield code="q">DE-101</marc:subfield>
      <marc:subfield code="2">22sdnb</marc:subfield>
   </marc:datafield>
   <marc:datafield ind1=" " ind2=" " tag="085">
      <marc:subfield code="8">1\u</marc:subfield>
      <marc:subfield code="b">759.13</marc:subfield>
   </marc:datafield>
   <marc:datafield ind1=" " ind2=" " tag="090">
      <marc:subfield code="a">b</marc:subfield>
   </marc:datafield>
   <marc:datafield ind1="0" ind2="0" tag="245">
      <marc:subfield code="a">Wilhelm Thöny, im Sog der Moderne</marc:subfield>
      <marc:subfield code="b">[anlässlich der Ausstellung Wilhelm Thöny. Im Sog der Moderne, Neue Galerie Graz, Universalmuseum Joanneum, 24. Mai - 22. September 2013]</marc:subfield>
      <marc:subfield code="c">[Hrsg. Christa Steinle ; Günther Holler-Schuster in Zusammenarbeit mit Gudrun Danzer ... Übers. Maria Nievoll]</marc:subfield>
   </marc:datafield>
   <marc:datafield ind1=" " ind2="1" tag="264">
      <marc:subfield code="a">Bielefeld</marc:subfield>
      <marc:subfield code="a">Berlin</marc:subfield>
      <marc:subfield code="b">Kerber</marc:subfield>
      <marc:subfield code="c">2013</marc:subfield>
   </marc:datafield>
   <marc:datafield ind1=" " ind2=" " tag="300">
      <marc:subfield code="a">517 S.</marc:subfield>
      <marc:subfield code="b">zahlr. Ill.</marc:subfield>
      <marc:subfield code="c">29 cm</marc:subfield>
   </marc:datafield>
   <marc:datafield ind1=" " ind2=" " tag="336">
      <marc:subfield code="a">Text</marc:subfield>
      <marc:subfield code="b">txt</marc:subfield>
      <marc:subfield code="2">rdacontent</marc:subfield>
   </marc:datafield>
   <marc:datafield ind1=" " ind2=" " tag="336">
      <marc:subfield code="a">unbewegtes Bild</marc:subfield>
      <marc:subfield code="b">sti</marc:subfield>
      <marc:subfield code="2">rdacontent</marc:subfield>
   </marc:datafield>
   <marc:datafield ind1=" " ind2=" " tag="337">
      <marc:subfield code="a">ohne Hilfsmittel zu benutzen</marc:subfield>
      <marc:subfield code="b">n</marc:subfield>
      <marc:subfield code="2">rdamedia</marc:subfield>
   </marc:datafield>
   <marc:datafield ind1=" " ind2=" " tag="338">
      <marc:subfield code="a">Band</marc:subfield>
      <marc:subfield code="b">nc</marc:subfield>
      <marc:subfield code="2">rdacarrier</marc:subfield>
   </marc:datafield>
   <marc:datafield ind1="0" ind2=" " tag="490">
      <marc:subfield code="a">Kerber art</marc:subfield>
   </marc:datafield>
   <marc:datafield ind1=" " ind2=" " tag="500">
      <marc:subfield code="a">Literaturangaben</marc:subfield>
   </marc:datafield>
   <marc:datafield ind1=" " ind2=" " tag="653">
      <marc:subfield code="a">(Produktform)Hardback</marc:subfield>
   </marc:datafield>
   <marc:datafield ind1=" " ind2=" " tag="653">
      <marc:subfield code="a">(VLB-WN)1583: Hardcover, Softcover / Kunst/Bildende Kunst</marc:subfield>
   </marc:datafield>
   <marc:datafield ind1=" " ind2="7" tag="655">
      <marc:subfield code="0">(DE-588)1071861417</marc:subfield>
      <marc:subfield code="0">http://d-nb.info/gnd/1071861417</marc:subfield>
      <marc:subfield code="0">(DE-101)1071861417</marc:subfield>
      <marc:subfield code="a">Konferenzschrift</marc:subfield>
      <marc:subfield code="2">gnd-content</marc:subfield>
   </marc:datafield>
   <marc:datafield ind1="1" ind2=" " tag="700">
      <marc:subfield code="0">(DE-588)120525518</marc:subfield>
      <marc:subfield code="0">http://d-nb.info/gnd/120525518</marc:subfield>
      <marc:subfield code="0">(DE-101)120525518</marc:subfield>
      <marc:subfield code="a">Steinle, Christa</marc:subfield>
      <marc:subfield code="d">1951-</marc:subfield>
      <marc:subfield code="e">Herausgeber</marc:subfield>
      <marc:subfield code="4">edt</marc:subfield>
   </marc:datafield>
   <marc:datafield ind1="1" ind2=" " tag="700">
      <marc:subfield code="0">(DE-588)118757180</marc:subfield>
      <marc:subfield code="0">http://d-nb.info/gnd/118757180</marc:subfield>
      <marc:subfield code="0">(DE-101)118757180</marc:subfield>
      <marc:subfield code="a">Thöny, Wilhelm</marc:subfield>
      <marc:subfield code="d">1888-1949</marc:subfield>
      <marc:subfield code="e">Illustrator</marc:subfield>
      <marc:subfield code="4">ill</marc:subfield>
   </marc:datafield>
   <marc:datafield ind1="1" ind2=" " tag="700">
      <marc:subfield code="0">(DE-588)112269524</marc:subfield>
      <marc:subfield code="0">http://d-nb.info/gnd/112269524</marc:subfield>
      <marc:subfield code="0">(DE-101)112269524</marc:subfield>
      <marc:subfield code="a">Holler-Schuster, Günther</marc:subfield>
      <marc:subfield code="d">1963-</marc:subfield>
      <marc:subfield code="e">Herausgeber</marc:subfield>
      <marc:subfield code="4">edt</marc:subfield>
   </marc:datafield>
   <marc:datafield ind1="1" ind2=" " tag="700">
      <marc:subfield code="0">(DE-588)137283709</marc:subfield>
      <marc:subfield code="0">http://d-nb.info/gnd/137283709</marc:subfield>
      <marc:subfield code="0">(DE-101)137283709</marc:subfield>
      <marc:subfield code="a">Bäumer, Angelica</marc:subfield>
      <marc:subfield code="d">1932-</marc:subfield>
      <marc:subfield code="e">Mitwirkender</marc:subfield>
      <marc:subfield code="4">ctb</marc:subfield>
   </marc:datafield>
   <marc:datafield ind1="1" ind2=" " tag="700">
      <marc:subfield code="0">(DE-588)187676933</marc:subfield>
      <marc:subfield code="0">http://d-nb.info/gnd/187676933</marc:subfield>
      <marc:subfield code="0">(DE-101)187676933</marc:subfield>
      <marc:subfield code="a">DANZER, GUDRUN</marc:subfield>
      <marc:subfield code="e">Mitwirkender</marc:subfield>
      <marc:subfield code="4">ctb</marc:subfield>
   </marc:datafield>
   <marc:datafield ind1="1" ind2=" " tag="700">
      <marc:subfield code="0">(DE-588)135919843</marc:subfield>
      <marc:subfield code="0">http://d-nb.info/gnd/135919843</marc:subfield>
      <marc:subfield code="0">(DE-101)135919843</marc:subfield>
      <marc:subfield code="a">Fink, Angela</marc:subfield>
      <marc:subfield code="e">Mitwirkender</marc:subfield>
      <marc:subfield code="4">ctb</marc:subfield>
   </marc:datafield>
   <marc:datafield ind1="1" ind2=" " tag="700">
      <marc:subfield code="0">(DE-588)120039958</marc:subfield>
      <marc:subfield code="0">http://d-nb.info/gnd/120039958</marc:subfield>
      <marc:subfield code="0">(DE-101)120039958</marc:subfield>
      <marc:subfield code="a">Flügge, Manfred</marc:subfield>
      <marc:subfield code="d">1946-</marc:subfield>
      <marc:subfield code="e">Mitwirkender</marc:subfield>
      <marc:subfield code="4">ctb</marc:subfield>
   </marc:datafield>
   <marc:datafield ind1="1" ind2=" " tag="700">
      <marc:subfield code="0">(DE-588)1024309142</marc:subfield>
      <marc:subfield code="0">http://d-nb.info/gnd/1024309142</marc:subfield>
      <marc:subfield code="0">(DE-101)1024309142</marc:subfield>
      <marc:subfield code="a">Hochreiter, Otto</marc:subfield>
      <marc:subfield code="e">Mitwirkender</marc:subfield>
      <marc:subfield code="4">ctb</marc:subfield>
   </marc:datafield>
   <marc:datafield ind1="1" ind2=" " tag="700">
      <marc:subfield code="0">(DE-588)120644398</marc:subfield>
      <marc:subfield code="0">http://d-nb.info/gnd/120644398</marc:subfield>
      <marc:subfield code="0">(DE-101)120644398</marc:subfield>
      <marc:subfield code="a">Hofmann, Werner</marc:subfield>
      <marc:subfield code="d">1928-2013</marc:subfield>
      <marc:subfield code="e">Mitwirkender</marc:subfield>
      <marc:subfield code="4">ctb</marc:subfield>
   </marc:datafield>
   <marc:datafield ind1="1" ind2=" " tag="700">
      <marc:subfield code="0">(DE-588)111778921</marc:subfield>
      <marc:subfield code="0">http://d-nb.info/gnd/111778921</marc:subfield>
      <marc:subfield code="0">(DE-101)111778921</marc:subfield>
      <marc:subfield code="a">Metzger, Rainer</marc:subfield>
      <marc:subfield code="e">Mitwirkender</marc:subfield>
      <marc:subfield code="4">ctb</marc:subfield>
   </marc:datafield>
   <marc:datafield ind1="1" ind2=" " tag="700">
      <marc:subfield code="0">(DE-588)137069863</marc:subfield>
      <marc:subfield code="0">http://d-nb.info/gnd/137069863</marc:subfield>
      <marc:subfield code="0">(DE-101)137069863</marc:subfield>
      <marc:subfield code="a">Peer, Peter</marc:subfield>
      <marc:subfield code="d">1969-</marc:subfield>
      <marc:subfield code="e">Mitwirkender</marc:subfield>
      <marc:subfield code="4">ctb</marc:subfield>
   </marc:datafield>
   <marc:datafield ind1="1" ind2=" " tag="700">
      <marc:subfield code="0">(DE-588)177213523</marc:subfield>
      <marc:subfield code="0">http://d-nb.info/gnd/177213523</marc:subfield>
      <marc:subfield code="0">(DE-101)177213523</marc:subfield>
      <marc:subfield code="a">Ruhs, August</marc:subfield>
      <marc:subfield code="e">Mitwirkender</marc:subfield>
      <marc:subfield code="4">ctb</marc:subfield>
   </marc:datafield>
   <marc:datafield ind1="1" ind2=" " tag="700">
      <marc:subfield code="0">(DE-588)187790019</marc:subfield>
      <marc:subfield code="0">http://d-nb.info/gnd/187790019</marc:subfield>
      <marc:subfield code="0">(DE-101)187790019</marc:subfield>
      <marc:subfield code="a">SMOLA, FRANZ</marc:subfield>
      <marc:subfield code="e">Mitwirkender</marc:subfield>
      <marc:subfield code="4">ctb</marc:subfield>
   </marc:datafield>
   <marc:datafield ind1="1" ind2=" " tag="700">
      <marc:subfield code="0">(DE-588)1036255425</marc:subfield>
      <marc:subfield code="0">http://d-nb.info/gnd/1036255425</marc:subfield>
      <marc:subfield code="0">(DE-101)1036255425</marc:subfield>
      <marc:subfield code="a">Zacharopoulos, Denys</marc:subfield>
      <marc:subfield code="e">Mitwirkender</marc:subfield>
      <marc:subfield code="4">ctb</marc:subfield>
   </marc:datafield>
   <marc:datafield ind1="2" ind2=" " tag="710">
      <marc:subfield code="0">(DE-588)1003218-6</marc:subfield>
      <marc:subfield code="0">http://d-nb.info/gnd/1003218-6</marc:subfield>
      <marc:subfield code="0">(DE-101)004019121</marc:subfield>
      <marc:subfield code="a">Neue Galerie Graz</marc:subfield>
      <marc:subfield code="e">Herausgebendes Organ</marc:subfield>
      <marc:subfield code="4">isb</marc:subfield>
   </marc:datafield>
   <marc:datafield ind1="2" ind2=" " tag="711">
      <marc:subfield code="0">(DE-588)1035413116</marc:subfield>
      <marc:subfield code="0">http://d-nb.info/gnd/1035413116</marc:subfield>
      <marc:subfield code="0">(DE-101)1035413116</marc:subfield>
      <marc:subfield code="a">Ausstellung Wilhelm Thöny. Im Sog der Moderne</marc:subfield>
      <marc:subfield code="d">2013</marc:subfield>
      <marc:subfield code="c">Graz</marc:subfield>
      <marc:subfield code="j">Herausgebendes Organ</marc:subfield>
      <marc:subfield code="4">isb</marc:subfield>
   </marc:datafield>
   <marc:datafield ind1=" " ind2=" " tag="850">
      <marc:subfield code="a">DE-101a</marc:subfield>
      <marc:subfield code="a">DE-101b</marc:subfield>
   </marc:datafield>
   <marc:datafield ind1="4" ind2="2" tag="856">
      <marc:subfield code="m">B:DE-101</marc:subfield>
      <marc:subfield code="q">application/pdf</marc:subfield>
      <marc:subfield code="u">http://d-nb.info/1027966942/04</marc:subfield>
      <marc:subfield code="3">Inhaltsverzeichnis</marc:subfield>
   </marc:datafield>
   <marc:datafield ind1="r" ind2=" " tag="925">
      <marc:subfield code="a">ra</marc:subfield>
   </marc:datafield>
</marc:record>
